[Event "Vicente Lopez ProAm 100 Years op"]
[Site "Buenos Aires"]
[Date "2022.10.14"]
[Round "4"]
[White "Piasetski, Leon"]
[Black "Aberbach Peltzman, Angel Sergio"]
[Result "1-0"]
[WhiteElo "2225"]
[BlackElo "1846"]
[PlyCount "43"]
[GameId "1836883847528448"]
[EventDate "2022.10.11"]
[EventType "swiss"]
[EventRounds "9"]
[EventCountry "ARG"]
[SourceTitle "CBM 210 Extra"]
[Source "ChessBase"]
[SourceDate "2022.11.30"]
[SourceVersion "1"]
[SourceVersionDate "2022.11.30"]
[SourceQuality "1"]

1. c4 e5 2. Nc3 Nf6 3. Nf3 Nc6 4. d3 d5 5. cxd5 Nxd5 6. g3 Nb6 7. Bg2 Be7 8. Be3 O-O 9. O-O Be6 10. a3 f6 11. Rc1 Nd5 12. Na4 Nxe3 13. fxe3 Na5 14. Nd2 c5 15. Nxc5 Bxc5 16. Rxc5 Qb6 17. b4 Nc6 18. Qc1 Rac8 19. Nc4 Bxc4 20. Qxc4+ Kh8 21. Rc1 g6 22. Qb5 1-0

[Event "Vicente Lopez ProAm 100 Years op"]
[Site "Buenos Aires"]
[Date "2022.10.15"]
[Round "5"]
[White "Barrera Caicedo, Hubert Steven"]
[Black "Piasetski, Leon"]
[Result "1/2-1/2"]
[WhiteElo "1850"]
[BlackElo "2225"]
[PlyCount "100"]
[GameId "1836883847819264"]
[EventDate "2022.10.11"]
[EventType "swiss"]
[EventRounds "9"]
[EventCountry "ARG"]
[SourceTitle "CBM 210 Extra"]
[Source "ChessBase"]
[SourceDate "2022.11.30"]
[SourceVersion "1"]
[SourceVersionDate "2022.11.30"]
[SourceQuality "1"]

1. e4 c5 2. Nf3 e6 3. d4 cxd4 4. Nxd4 a6 5. Bd3 Bc5 6. Nb3 Ba7 7. Qe2 d6 8. c4 Nf6 9. Nc3 e5 10. Bg5 Be6 11. Nd5 Nbd7 12. O-O h6 13. Be3 Bxd5 14. cxd5 Bxe3 15. Qxe3 O-O 16. Rac1 a5 17. a4 Qb6 18. Qxb6 Nxb6 19. Ra1 Rfc8 20. f3 Nfd7 21. Bb5 Nc5 22. Ra3 Nxb3 23. Rxb3 Rc7 24. Rc3 Rxc3 25. bxc3 Rc8 26. Rc1 Kf8 27. Kf2 Ke7 28. Ke3 f5 29. Rc2 f4+ 30. Kd3 g5 31. Rb2 Kd8 32. Rb1 Kc7 33. Rg1 Rf8 34. Rc1 Nc8 35. c4 h5 36. c5 dxc5 37. Rxc5+ Kb6 38. Rc1 Nd6 39. Bd7 Rf7 40. Bf5 Rc7 41. Rb1+ Ka7 42. Be6 Rc4 43. Bd7 Rd4+ 44. Kc3 Nc4 45. Rb5 Ne3 46. Rxa5+ Kb6 47. Ra8 Nxg2 48. Re8 Ne1 49. Rxe5 Nxf3 50. Rxg5 Rxe4 1/2-1/2

[Event "Rio de Janeiro Duchamp op 4th"]
[Site "Rio de Janeiro"]
[Date "2022.12.07"]
[Round "1"]
[White "Piasetski, Leon"]
[Black "Maia, Erick de Figueiredo"]
[Result "1-0"]
[WhiteElo "2198"]
[BlackElo "1727"]
[PlyCount "81"]
[GameId "1857197131710464"]
[EventDate "2022.12.07"]
[EventType "swiss"]
[EventRounds "9"]
[EventCountry "BRA"]
[SourceTitle "CBM 211 Extra"]
[Source "ChessBase"]
[SourceDate "2023.01.31"]
[SourceVersion "1"]
[SourceVersionDate "2023.01.31"]
[SourceQuality "1"]

1. Nf3 Nf6 2. c4 c5 3. Nc3 Nc6 4. d4 cxd4 5. Nxd4 Nxd4 6. Qxd4 g6 7. e4 d6 8. Bg5 Bg7 9. f3 Be6 10. Rc1 h6 11. Be3 O-O 12. Qd2 Kh7 13. Be2 Nd7 14. Nb5 Nb6 15. O-O Rc8 16. b3 a6 17. Nd4 Bd7 18. Rfd1 Na8 19. f4 Nc7 20. Nf3 Bc6 21. Qc2 Qe8 22. f5 gxf5 23. exf5 Bf6 24. Nd4 Rg8 25. Bf1 Bd7 26. Qe4 Bc6 27. Qf4 Bg5 28. Qf2 Bf6 29. Rc2 Be4 30. Re2 Bc6 31. Bf4 Qf8 32. Rd3 Qg7 33. Nxc6 bxc6 34. Rh3 Bg5 35. Bxg5 Qxg5 36. Re4 Qf6 37. Qe3 e5 38. Reh4 Kg7 39. Rxh6 Qxf5 40. Rf3 Qb1 41. Rg3+ 1-0

[Event "Rio de Janeiro Duchamp op 4th"]
[Site "Rio de Janeiro"]
[Date "2022.12.08"]
[Round "2"]
[White "Kim, Thiago"]
[Black "Piasetski, Leon"]
[Result "1/2-1/2"]
[WhiteElo "1918"]
[BlackElo "2198"]
[PlyCount "65"]
[GameId "1857197131931648"]
[EventDate "2022.12.07"]
[EventType "swiss"]
[EventRounds "9"]
[EventCountry "BRA"]
[SourceTitle "CBM 211 Extra"]
[Source "ChessBase"]
[SourceDate "2023.01.31"]
[SourceVersion "1"]
[SourceVersionDate "2023.01.31"]
[SourceQuality "1"]

1. e4 e6 2. d4 d5 3. Nc3 h6 4. Be3 Bb4 5. e5 c5 6. dxc5 Qa5 7. Nge2 Ne7 8. a3 Bxc3+ 9. Nxc3 Nf5 10. b4 Nxe3 11. fxe3 Qd8 12. Qg4 O-O 13. Qg3 f6 14. Bd3 Nc6 15. exf6 Qxf6 16. Kd2 Qf2+ 17. Ne2 Qxg3 18. Nxg3 Rf2+ 19. Kc3 e5 20. Raf1 Rxg2 21. b5 Ne7 22. Rfg1 Rxg1 23. Rxg1 Bg4 24. Rf1 g5 25. Bf5 Nxf5 26. Nxf5 Be2 27. Rb1 Kf7 28. Nd6+ Ke6 29. Nxb7 g4 30. Kd2 Bf3 31. c6 h5 32. a4 h4 33. a5 1/2-1/2

[Event "Rio de Janeiro Duchamp op 4th"]
[Site "Rio de Janeiro"]
[Date "2022.12.11"]
[Round "6"]
[White "Limp, Eduardo Thelio"]
[Black "Piasetski, Leon"]
[Result "1/2-1/2"]
[WhiteElo "2290"]
[BlackElo "2198"]
[PlyCount "42"]
[GameId "1857197132570624"]
[EventDate "2022.12.07"]
[EventType "swiss"]
[EventRounds "9"]
[EventCountry "BRA"]
[SourceTitle "CBM 211 Extra"]
[Source "ChessBase"]
[SourceDate "2023.01.31"]
[SourceVersion "1"]
[SourceVersionDate "2023.01.31"]
[SourceQuality "1"]

1. d4 Nf6 2. Nf3 e6 3. c3 c5 4. Bg5 h6 5. Bxf6 Qxf6 6. e3 Nc6 7. Nbd2 Qd8 8. dxc5 Bxc5 9. Ne4 Be7 10. Nd6+ Bxd6 11. Qxd6 Qe7 12. O-O-O Qxd6 13. Rxd6 Ke7 14. Rd2 d5 15. Bb5 Bd7 16. Re1 a6 17. Bxc6 Bxc6 18. Nd4 Rac8 19. e4 dxe4 20. Nxc6+ Rxc6 21. Rxe4 Rd8 1/2-1/2

[Event "Rio de Janeiro Duchamp op 4th"]
[Site "Rio de Janeiro"]
[Date "2022.12.12"]
[Round "7"]
[White "Piasetski, Leon"]
[Black "Von Buelow, Georg"]
[Result "1-0"]
[WhiteElo "2198"]
[BlackElo "2361"]
[PlyCount "83"]
[GameId "1858191013117952"]
[EventDate "2022.12.07"]
[EventType "swiss"]
[EventRounds "9"]
[EventCountry "BRA"]
[SourceTitle "CBM 211 Extra"]
[Source "ChessBase"]
[SourceDate "2023.01.31"]
[SourceVersion "1"]
[SourceVersionDate "2023.01.31"]
[SourceQuality "1"]

1. Nf3 Nf6 2. c4 c5 3. d4 cxd4 4. Nxd4 b6 5. f3 e6 6. e4 d6 7. Nc3 Bb7 8. Be3 a6 9. Qd2 Be7 10. Be2 O-O 11. O-O Qc7 12. Rfc1 Nbd7 13. Rab1 Rac8 14. b4 Qb8 15. Bf1 Rfe8 16. Kh1 Bd8 17. Bg1 h5 18. Na4 Qa8 19. Nb3 Bc6 20. Nc3 Bc7 21. a4 Red8 22. a5 Qb8 23. b5 axb5 24. Nd4 Bb7 25. Ndxb5 bxa5 26. Nxc7 Qxc7 27. Nb5 Qb8 28. Qxd6 Qa8 29. Qa3 Bc6 30. Na7 Rc7 31. Qxa5 Rcc8 32. Nxc8 Qxa5 33. Ne7+ Kh7 34. Nxc6 Qc7 35. Nxd8 Qxd8 36. c5 Ne5 37. c6 Ne8 38. c7 Nxc7 39. Bb6 Nd3 40. Bxd3 Qxd3 41. Bxc7 h4 42. h3 1-0

[Event "Rio de Janeiro Duchamp op 4th"]
[Site "Rio de Janeiro"]
[Date "2022.12.13"]
[Round "8"]
[White "Lima, Darcy Gustavo Macha"]
[Black "Piasetski, Leon"]
[Result "1-0"]
[WhiteElo "2424"]
[BlackElo "2198"]
[PlyCount "57"]
[GameId "1858191013154816"]
[EventDate "2022.12.07"]
[EventType "swiss"]
[EventRounds "9"]
[EventCountry "BRA"]
[SourceTitle "CBM 211 Extra"]
[Source "ChessBase"]
[SourceDate "2023.01.31"]
[SourceVersion "1"]
[SourceVersionDate "2023.01.31"]
[SourceQuality "1"]

1. d4 Nf6 2. Nf3 e6 3. g3 b5 4. e3 a6 5. Bg2 Bb7 6. O-O Be7 7. Nbd2 d6 8. c4 bxc4 9. Nxc4 O-O 10. Bd2 Bd5 11. Qe2 Ne4 12. Rfc1 Nd7 13. Ba5 Ra7 14. Ne1 Qb8 15. f3 Nef6 16. e4 Ba8 17. Nd3 Rc8 18. Bd2 d5 19. Na5 Qb6 20. e5 Ne8 21. b4 Nb8 22. Nc5 Rd8 23. a3 Bc6 24. Qf2 Bb5 25. a4 Bc4 26. Rxc4 dxc4 27. Nxc4 Qc6 28. f4 Rd5 29. Ne3 1-0

[Event "Rio de Janeiro Duchamp op 4th"]
[Site "Rio de Janeiro"]
[Date "2022.12.14"]
[Round "9"]
[White "Piasetski, Leon"]
[Black "Menna Barreto, Felipe Kubiaki"]
[Result "1-0"]
[WhiteElo "2198"]
[BlackElo "2322"]
[PlyCount "67"]
[GameId "1858191013212160"]
[EventDate "2022.12.07"]
[EventType "swiss"]
[EventRounds "9"]
[EventCountry "BRA"]
[SourceTitle "CBM 211 Extra"]
[Source "ChessBase"]
[SourceDate "2023.01.31"]
[SourceVersion "1"]
[SourceVersionDate "2023.01.31"]
[SourceQuality "1"]

1. Nf3 g6 2. e4 Bg7 3. d4 d6 4. h3 Nf6 5. Bd3 O-O 6. O-O c5 7. dxc5 dxc5 8. Qe2 Nc6 9. c3 Nd7 10. Be3 Qc7 11. Nbd2 b6 12. Rfd1 Bb7 13. Ba6 Rad8 14. Bxb7 Qxb7 15. a4 Nde5 16. Nxe5 Nxe5 17. a5 Rd7 18. axb6 axb6 19. Qb5 f5 20. exf5 gxf5 21. Nc4 Rfd8 22. Rxd7 Qxd7 23. Qxd7 Rxd7 24. Nxb6 Rb7 25. Ra6 Nd3 26. g3 Nxb2 27. Bxc5 Rc7 28. Bb4 e6 29. Ra8+ Kf7 30. Nc8 Kg6 31. Nd6 Rd7 32. Re8 Nd3 33. Rxe6+ Kh5 34. Nxf5 1-0

[Event "Florianopolis op 9th"]
[Site "Florianopolis"]
[Date "2023.01.23"]
[Round "1"]
[White "Senger, Maria Clara da Silv"]
[Black "Piasetski, Leon"]
[Result "0-1"]
[WhiteElo "1604"]
[BlackElo "2210"]
[PlyCount "62"]
[GameId "1874951545409536"]
[EventDate "2023.01.23"]
[EventType "swiss"]
[EventRounds "10"]
[EventCountry "BRA"]
[SourceTitle "CBM 212 Extra"]
[Source "ChessBase"]
[SourceDate "2023.03.31"]
[SourceVersion "1"]
[SourceVersionDate "2023.03.31"]
[SourceQuality "1"]

1. e4 d6 2. d4 Nf6 3. Bd3 Nc6 4. c3 e5 5. d5 Ne7 6. Ne2 g6 7. O-O Bg7 8. f4 c6 9. c4 Ng4 10. Qe1 exf4 11. Nbc3 g5 12. h4 h6 13. g3 Ne5 14. Bc2 f3 15. Nd4 g4 16. Nf5 Bxf5 17. exf5 Qb6+ 18. Kh1 O-O-O 19. Rb1 Rhe8 20. b3 Kb8 21. Bf4 Ka8 22. Qd2 Qa5 23. b4 Qc7 24. Bb3 Nxf5 25. c5 Ng6 26. cxd6 Nxd6 27. Bxh6 Bxh6 28. Qxh6 Nf5 29. Qd2 Nxg3+ 30. Kg1 Ne2+ 31. Kh1 Qg3 0-1

[Event "Florianopolis op 9th"]
[Site "Florianopolis"]
[Date "2023.01.24"]
[Round "2"]
[White "Piasetski, Leon"]
[Black "Ribeiro, Fabiano Pinto"]
[Result "1-0"]
[WhiteElo "2210"]
[BlackElo "1865"]
[PlyCount "75"]
[GameId "1874951546236928"]
[EventDate "2023.01.23"]
[EventType "swiss"]
[EventRounds "10"]
[EventCountry "BRA"]
[SourceTitle "CBM 212 Extra"]
[Source "ChessBase"]
[SourceDate "2023.03.31"]
[SourceVersion "1"]
[SourceVersionDate "2023.03.31"]
[SourceQuality "1"]

1. Nf3 c5 2. c4 Nc6 3. d4 cxd4 4. Nxd4 e6 5. Nc3 a6 6. e4 d6 7. Be2 Nf6 8. O-O Be7 9. Be3 O-O 10. Qd2 Bd7 11. f3 Qc7 12. Rfc1 Rac8 13. Bf1 Qb8 14. a4 Rfd8 15. a5 Nxd4 16. Bxd4 Bc6 17. Bb6 Rd7 18. g3 d5 19. cxd5 exd5 20. Bh3 dxe4 21. Bxd7 Nxd7 22. Nxe4 Ne5 23. Qf4 Bd6 24. Rd1 Bxe4 25. Qxe4 Nc4 26. Bf2 Bf8 27. Rd7 Nd6 28. Qd5 Rc6 29. Bb6 Qe8 30. Rd8 Qe7 31. Rb8 h6 32. Rd1 Nc8 33. Bf2 Qc7 34. Ra8 Rd6 35. Qb3 Rc6 36. Qa4 Kh7 37. Qe4+ g6 38. Qe8 1-0

[Event "Florianopolis op 9th"]
[Site "Florianopolis"]
[Date "2023.01.25"]
[Round "4"]
[White "Peroza, Eduardo Antunes"]
[Black "Piasetski, Leon"]
[Result "0-1"]
[WhiteElo "2053"]
[BlackElo "2210"]
[PlyCount "126"]
[GameId "1874951548190720"]
[EventDate "2023.01.23"]
[EventType "swiss"]
[EventRounds "10"]
[EventCountry "BRA"]
[SourceTitle "CBM 212 Extra"]
[Source "ChessBase"]
[SourceDate "2023.03.31"]
[SourceVersion "1"]
[SourceVersionDate "2023.03.31"]
[SourceQuality "1"]

1. e4 d6 2. d4 Nf6 3. Nc3 c6 4. f4 Qa5 5. e5 Ne4 6. Bd3 Nxc3 7. Qd2 g6 8. Nf3 Bh6 9. Qxc3 Qxc3+ 10. bxc3 Nd7 11. Kf2 Nb6 12. g3 Bg4 13. a4 Nd5 14. Bd2 Bxf3 15. Kxf3 dxe5 16. dxe5 e6 17. Rab1 O-O-O 18. Rb3 Rd7 19. Rhb1 Kb8 20. a5 Ka8 21. c4 Ne7 22. Be3 a6 23. g4 Nc8 24. Be4 Na7 25. Rd3 Rhd8 26. Rbd1 Rxd3 27. Rxd3 Rxd3 28. cxd3 Bf8 29. Bb6 c5 30. Bc7 Nc8 31. h4 Ka7 32. h5 gxh5 33. g5 b5 34. Kg3 b4 35. Kh4 b3 36. Kxh5 b2 37. d4 cxd4 38. Bd8 Be7 39. Bc7 d3 40. Bxd3 Kb7 41. Bd6 Nxd6 42. exd6 Bxd6 43. Be4+ Kc7 44. Kg4 Bb4 45. Bxh7 Bxa5 46. Bb1 Kd6 47. f5 Bc3 48. fxe6 fxe6 49. Kh5 Kc5 50. Ba2 a5 51. Kg4 a4 52. Kf3 Kb4 53. Ke4 Bg7 54. Kd3 Ka3 55. Bb1 Kb3 56. c5 a3 57. c6 a2 58. Bc2+ Kb4 59. c7 b1=Q 60. c8=Q Qf1+ 61. Kd2 Qf4+ 62. Kd3 Qf3+ 63. Kd2 Bc3+ 0-1

[Event "Florianopolis op 9th"]
[Site "Florianopolis"]
[Date "2023.01.26"]
[Round "6"]
[White "Piasetski, Leon"]
[Black "Goncalves, Nata"]
[Result "1/2-1/2"]
[WhiteElo "2210"]
[BlackElo "2013"]
[PlyCount "40"]
[GameId "1874951550078976"]
[EventDate "2023.01.23"]
[EventType "swiss"]
[EventRounds "10"]
[EventCountry "BRA"]
[SourceTitle "CBM 212 Extra"]
[Source "ChessBase"]
[SourceDate "2023.03.31"]
[SourceVersion "1"]
[SourceVersionDate "2023.03.31"]
[SourceQuality "1"]

1. c4 g6 2. d4 Nf6 3. Nc3 d5 4. cxd5 Nxd5 5. Bd2 Bg7 6. e4 Nxc3 7. Bxc3 c5 8. d5 Bxc3+ 9. bxc3 Qd6 10. Rb1 Qe5 11. Qc2 f5 12. Nf3 Qxe4+ 13. Qxe4 fxe4 14. Ng5 b6 15. Bb5+ Nd7 16. Ne6 Kf7 17. Ng5+ Kg7 18. Bc6 Rb8 19. Nxe4 Ne5 20. O-O Nxc6 1/2-1/2

[Event "Florianopolis op 9th"]
[Site "Florianopolis"]
[Date "2023.01.27"]
[Round "7"]
[White "Caceres Benitez, Arturo Eduardo"]
[Black "Piasetski, Leon"]
[Result "0-1"]
[WhiteElo "1944"]
[BlackElo "2210"]
[PlyCount "80"]
[GameId "1874951551029248"]
[EventDate "2023.01.23"]
[EventType "swiss"]
[EventRounds "10"]
[EventCountry "BRA"]
[SourceTitle "CBM 212 Extra"]
[Source "ChessBase"]
[SourceDate "2023.03.31"]
[SourceVersion "1"]
[SourceVersionDate "2023.03.31"]
[SourceQuality "1"]

1. e4 d6 2. d4 Nf6 3. Nc3 c6 4. Nf3 Bg4 5. h3 Bh5 6. Bd3 e6 7. O-O Be7 8. Ne2 Bxf3 9. gxf3 d5 10. Kh1 c5 11. c3 Nc6 12. Be3 cxd4 13. cxd4 g6 14. Qb3 Qd7 15. e5 Nh5 16. Bh6 f6 17. f4 Kf7 18. Rad1 Bf8 19. Bxf8 Rhxf8 20. Bb5 Kg7 21. Qe3 fxe5 22. fxe5 Rf7 23. f4 Raf8 24. Rf2 a6 25. Bd3 Ne7 26. b3 Qd8 27. Rg1 Qa5 28. Bb1 Nf5 29. Bxf5 Rxf5 30. Rc1 Qxa2 31. Nc3 Qa3 32. Na4 Ng3+ 33. Kh2 Ne4 34. Rc7+ Kg8 35. Rg2 Rxf4 36. Rxb7 Rf2 37. Rc7 Qa2 38. Rxf2 Rxf2+ 39. Kg1 Rg2+ 40. Kf1 Ng3+ 0-1

[Event "Florianopolis op 9th"]
[Site "Florianopolis"]
[Date "2023.01.28"]
[Round "8"]
[White "Piasetski, Leon"]
[Black "Ibanez, Marcelo"]
[Result "1-0"]
[WhiteElo "2210"]
[BlackElo "2014"]
[PlyCount "67"]
[GameId "1874951551766528"]
[EventDate "2023.01.23"]
[EventType "swiss"]
[EventRounds "10"]
[EventCountry "BRA"]
[SourceTitle "CBM 212 Extra"]
[Source "ChessBase"]
[SourceDate "2023.03.31"]
[SourceVersion "1"]
[SourceVersionDate "2023.03.31"]
[SourceQuality "1"]

1. c4 Nf6 2. Nf3 g6 3. Nc3 Bg7 4. e4 d6 5. d4 a6 6. h3 O-O 7. Bg5 Nc6 8. d5 Na7 9. a4 c5 10. Bd3 Bd7 11. O-O Qc7 12. Qe2 e5 13. dxe6 Bxe6 14. Nd5 Bxd5 15. exd5 Rfe8 16. Qc2 Rab8 17. Ra3 b5 18. axb5 axb5 19. b3 b4 20. Ra6 Nd7 21. Nd2 f5 22. f4 Nb6 23. Nf3 Re3 24. g4 fxg4 25. hxg4 Qc8 26. f5 Rxf3 27. Rxa7 Rg3+ 28. Kh1 Rxg4 29. Be7 Ra8 30. Rxa8 Nxa8 31. Qe2 Rg3 32. Bxd6 Rxd3 33. Qxd3 Qd8 34. Qg3 1-0

[Event "Florianopolis op 9th"]
[Site "Florianopolis"]
[Date "2023.01.28"]
[Round "9"]
[White "Lage, Pedro Ferreira"]
[Black "Piasetski, Leon"]
[Result "1/2-1/2"]
[WhiteElo "2055"]
[BlackElo "2210"]
[PlyCount "76"]
[GameId "1875503962779648"]
[EventDate "2023.01.23"]
[EventType "swiss"]
[EventRounds "10"]
[EventCountry "BRA"]
[SourceTitle "CBM 212 Extra"]
[Source "ChessBase"]
[SourceDate "2023.03.31"]
[SourceVersion "1"]
[SourceVersionDate "2023.03.31"]
[SourceQuality "1"]

1. Nf3 c5 2. c4 Nc6 3. d4 cxd4 4. Nxd4 Qb6 5. Nc2 g6 6. Nc3 Bg7 7. Nd5 Qd8 8. g3 e6 9. Nc3 Nge7 10. Bg2 O-O 11. O-O b6 12. Bf4 Ba6 13. Na3 Rc8 14. Rc1 Na5 15. Nab5 Rxc4 16. b3 Rxf4 17. gxf4 d5 18. Nd4 Nf5 19. Nxf5 gxf5 20. Qd2 Qh4 21. Rfd1 d4 22. Na4 Bb7 23. Bxb7 Nxb7 24. Qd3 Qxf4 25. Qg3 Qe4 26. Rc7 Qxe2 27. Rxd4 Kh8 28. Rdd7 Nd6 29. Qxd6 Qe1+ 30. Kg2 Rg8 31. Rd8 Bf8+ 32. Qg3 Rxg3+ 33. hxg3 Kg7 34. Rdd7 Kg6 35. Rxf7 Qe4+ 36. Kg1 Qe1+ 37. Kg2 Qe4+ 38. Kg1 Qe1+ 1/2-1/2

[Event "Montevideo Duchamp Cup 6th"]
[Site "Montevideo"]
[Date "2023.02.03"]
[Round "1"]
[White "Rodriguez Martinez, Jose Fernando"]
[Black "Piasetski, Leon"]
[Result "0-1"]
[WhiteElo "1643"]
[BlackElo "2217"]
[PlyCount "72"]
[GameId "1877522592645120"]
[EventDate "2023.02.03"]
[EventType "swiss"]
[EventRounds "9"]
[EventCountry "URU"]
[SourceTitle "CBM 212 Extra"]
[Source "ChessBase"]
[SourceDate "2023.03.31"]
[SourceVersion "1"]
[SourceVersionDate "2023.03.31"]
[SourceQuality "1"]

1. e4 d6 2. d4 Nf6 3. Nc3 c6 4. Nf3 Bg4 5. Be2 e6 6. O-O Be7 7. Be3 O-O 8. Qd2 d5 9. h3 Bh5 10. e5 Nfd7 11. Bg5 Bxf3 12. Bxe7 Qxe7 13. Bxf3 c5 14. Nb5 cxd4 15. Nc7 Nxe5 16. Nxa8 Nxf3+ 17. gxf3 Nc6 18. Nb6 axb6 19. Qf4 e5 20. Qg3 f5 21. f4 e4 22. Rfe1 Rf6 23. Kh1 d3 24. cxd3 Rg6 25. Qe3 d4 26. Qe2 Qh4 27. Qf1 Qxf4 28. dxe4 fxe4 29. Qc4+ Kh8 30. Qe2 Qf5 31. Kh2 Rh6 32. Qf1 Ne5 33. f4 Ng4+ 34. Kg1 Rg6 35. Kh1 Nf2+ 36. Qxf2 Qxh3+ 0-1

[Event "Montevideo Duchamp Cup 6th"]
[Site "Montevideo"]
[Date "2023.02.04"]
[Round "2"]
[White "Piasetski, Leon"]
[Black "Moccero, Eduardo"]
[Result "1/2-1/2"]
[WhiteElo "2217"]
[BlackElo "1859"]
[PlyCount "80"]
[GameId "1877522592899072"]
[EventDate "2023.02.03"]
[EventType "swiss"]
[EventRounds "9"]
[EventCountry "URU"]
[SourceTitle "CBM 212 Extra"]
[Source "ChessBase"]
[SourceDate "2023.03.31"]
[SourceVersion "1"]
[SourceVersionDate "2023.03.31"]
[SourceQuality "1"]

1. c4 e6 2. Nf3 d5 3. g3 c5 4. cxd5 exd5 5. d4 Nc6 6. Bg2 Nf6 7. O-O cxd4 8. Nxd4 Be7 9. Nc3 O-O 10. Be3 Re8 11. Qb3 Na5 12. Qc2 Bg4 13. Rad1 Rc8 14. h3 Be6 15. Kh2 Bf8 16. Bc1 Qb6 17. Qb1 Rxc3 18. Bg5 Rcc8 19. Bxf6 gxf6 20. e4 Red8 21. Nxe6 fxe6 22. exd5 exd5 23. Qf5 Rc7 24. Bxd5+ Kh8 25. Be6 Rg7 26. Qxf6 Be7 27. Rxd8+ Qxd8 28. Qf3 Nc6 29. Bd5 Bf6 30. Bxc6 bxc6 31. Rd1 Qf8 32. Qxc6 Bxb2 33. Kg2 Rf7 34. f4 Qe7 35. Qc4 Qb7+ 36. Kf2 Bf6 37. Rd2 Rc7 38. Qe6 Qb6+ 39. Qxb6 axb6 40. Kf3 Kg7 1/2-1/2

[Event "Montevideo Duchamp Cup 6th"]
[Site "Montevideo"]
[Date "2023.02.05"]
[Round "3"]
[White "Rosa, Paulo Estevao"]
[Black "Piasetski, Leon"]
[Result "0-1"]
[WhiteElo "1884"]
[BlackElo "2217"]
[PlyCount "66"]
[GameId "1877522593128448"]
[EventDate "2023.02.03"]
[EventType "swiss"]
[EventRounds "9"]
[EventCountry "URU"]
[SourceTitle "CBM 212 Extra"]
[Source "ChessBase"]
[SourceDate "2023.03.31"]
[SourceVersion "1"]
[SourceVersionDate "2023.03.31"]
[SourceQuality "1"]

1. d4 Nf6 2. c4 e6 3. Nf3 b6 4. g3 Ba6 5. Qc2 Bb7 6. Bg2 c5 7. e3 Be7 8. O-O O-O 9. Nc3 Nc6 10. Rd1 cxd4 11. exd4 Na5 12. b3 Rc8 13. Qb2 d5 14. cxd5 Nxd5 15. Nxd5 Bxd5 16. Bf4 h6 17. Rac1 Rxc1 18. Rxc1 Qa8 19. Ne1 Bxg2 20. Nxg2 Nc6 21. Qd2 Rd8 22. Be3 e5 23. Qe2 Ba3 24. Rd1 exd4 25. Bd2 Re8 26. Qh5 Ne5 27. Nh4 Bf8 28. Bf4 g6 29. Qe2 Nd7 30. Qd2 Nc5 31. Bxh6 Ne4 32. Qc1 Nc3 33. Qg5 Nxd1 0-1

[Event "Montevideo Duchamp Cup 6th"]
[Site "Montevideo"]
[Date "2023.02.06"]
[Round "4"]
[White "Piasetski, Leon"]
[Black "Durante, Aurelio"]
[Result "1-0"]
[WhiteElo "2217"]
[BlackElo "1983"]
[PlyCount "55"]
[GameId "1880040931528704"]
[EventDate "2023.02.03"]
[EventType "swiss"]
[EventRounds "9"]
[EventCountry "URU"]
[SourceTitle "CBM 212 Extra"]
[Source "ChessBase"]
[SourceDate "2023.03.31"]
[SourceVersion "1"]
[SourceVersionDate "2023.03.31"]
[SourceQuality "1"]

1. c4 c6 2. Nf3 d5 3. e3 Nf6 4. Nc3 e6 5. d4 Nbd7 6. Bd3 Bd6 7. O-O O-O 8. Qc2 Qe7 9. h3 a6 10. e4 dxe4 11. Nxe4 Nxe4 12. Bxe4 h6 13. c5 Bc7 14. Re1 Nf6 15. Bd3 Rd8 16. Bd2 b6 17. b4 a5 18. Rab1 Nd5 19. cxb6 Bxb6 20. bxa5 Bxa5 21. Bxa5 Rxa5 22. Ne5 Bd7 23. Rb7 Nb4 24. Qc3 Nxd3 25. Qxa5 Nxe1 26. Nxc6 Qg5 27. Qxg5 hxg5 28. Nxd8 1-0

[Event "Montevideo Duchamp Cup 6th"]
[Site "Montevideo"]
[Date "2023.02.07"]
[Round "5"]
[White "Hoffman, Alejandro"]
[Black "Piasetski, Leon"]
[Result "1/2-1/2"]
[WhiteElo "2358"]
[BlackElo "2217"]
[PlyCount "35"]
[GameId "1880040931770368"]
[EventDate "2023.02.03"]
[EventType "swiss"]
[EventRounds "9"]
[EventCountry "URU"]
[SourceTitle "CBM 212 Extra"]
[Source "ChessBase"]
[SourceDate "2023.03.31"]
[SourceVersion "1"]
[SourceVersionDate "2023.03.31"]
[SourceQuality "1"]

1. d4 Nf6 2. Nf3 e6 3. e3 c5 4. c4 d5 5. cxd5 Nxd5 6. Nc3 Be7 7. Bd3 Nc6 8. O-O O-O 9. a3 cxd4 10. exd4 Nf6 11. Re1 b6 12. Bg5 Bb7 13. Bc2 g6 14. Bh6 Re8 15. Qd3 Bf8 16. Bg5 Be7 17. Bh6 Bf8 18. Bg5 1/2-1/2

[Event "Montevideo Duchamp Cup 6th"]
[Site "Montevideo"]
[Date "2023.02.08"]
[Round "6"]
[White "Piasetski, Leon"]
[Black "Matsuura, Everaldo"]
[Result "1/2-1/2"]
[WhiteElo "2217"]
[BlackElo "2417"]
[PlyCount "90"]
[GameId "1880040932003840"]
[EventDate "2023.02.03"]
[EventType "swiss"]
[EventRounds "9"]
[EventCountry "URU"]
[SourceTitle "CBM 212 Extra"]
[Source "ChessBase"]
[SourceDate "2023.03.31"]
[SourceVersion "1"]
[SourceVersionDate "2023.03.31"]
[SourceQuality "1"]

1. Nf3 d5 2. e3 c5 3. Bb5+ Nd7 4. Nc3 Ngf6 5. O-O a6 6. Bxd7+ Qxd7 7. a4 b6 8. d4 e6 9. b3 Bd6 10. Bb2 O-O 11. Ne2 Bb7 12. Ne5 Qc7 13. Ng3 Rac8 14. c4 Ne4 15. Rc1 f6 16. Nd3 dxc4 17. bxc4 Qc6 18. Ne1 cxd4 19. Nxe4 Qxe4 20. Bxd4 Bc5 21. Nf3 Rfd8 22. Qb3 Qg6 23. Nh4 Qh5 24. Bxc5 Qxc5 25. g3 Qc6 26. f3 Rd2 27. Rb1 Qxc4 28. Qxc4 Rxc4 29. Rxb6 Bc6 30. Rf2 Rd1+ 31. Rf1 Rxf1+ 32. Kxf1 Rc1+ 33. Kf2 Rc2+ 34. Kg1 g5 35. Ng2 Bxf3 36. Ne1 Rc1 37. Kf2 Bd5 38. Rxa6 Ra1 39. e4 Bc4 40. Ra8+ Kf7 41. Nf3 Ra2+ 42. Ke3 Ra3+ 43. Kf2 Ra2+ 44. Ke3 Ra3+ 45. Kf2 Ra2+ 1/2-1/2